| 000 | 00581cam a2200229ua 4500 | ||
|---|---|---|---|
| 020 | _cRs 5.00 | ||
| 041 |
_aeng _h |
||
| 082 |
_a510 _bTHO/PR |
||
| 100 | _aThomas, Moothedan . | ||
| 245 |
_aPre Degree Mathematics, Part 1 / _cThomas Moothedan. _hTextual Documents |
||
| 250 |
_a1 / _b. |
||
| 260 |
_aChennai : _bThe National Publishing Co , _c1964. |
||
| 300 | _a448 ; . | ||
| 365 | _aRs 5.00 | ||
| 504 | _a | ||
| 650 | _aMathematics | ||
| 700 | 1 | _aSubhrahmaniam, P V . | |
| 942 | _cBK | ||
| 999 |
_c3249 _d3249 |
||